000
00307nam a2200133Ia 4500
100
_a
Narang
942
_c
BK
654
_a
777 questions & answers D'man mech
245
_a
777 Questions & Answers D''''man Mech
260
_b
New Heights
_a
New Delhi
300
_a
60
546
_a
HINDI
999
_c
30803
_d
30803